Sports Quiz

Random Sports or WWE Quiz

Finishing Move by WWE wrestler Quiz Stats

 Plays Quiz not verified by Sporcle

Support Sporcle.
Go Orange.
Score 0/75 Timer 15:00
0 Plays Today
WWE Wrestler Finishing Move % Correct
Big ShowChoke Slam
77.1%
The RockRock Bottom
75.8%
HHHPedigree
75.8%
John CenaAttitude Adjustment
75.2%
Chris JerichoWalls of Jericho
75.2%
EdgeSpear
74.5%
Stone Cold Steve AustinStone Cold Stunner
73.2%
Bret the Hitman HartSharp Shooter
71.9%
Randy OrtonRKO
71.2%
Shawn MichaelsSweet Chin Music
70.6%
UndertakerTombstone Piledriver
68.6%
Ric FlairFigure Four Leg Lock
66.7%
CM PunkGo to Sleep
65.4%
Santino MarellaCobra
65.4%
The Masterpiece Chris MastersMasterlock
64.1%
Eddie GuerreroFrog Splash
62.7%
Jeff HardySwanton Bomb
60.8%
Matt HardyTwist of Fate
60.1%
MankindMandible Claw
59.5%
Ken ShamrockAnkle Lock
58.8%
Kurt AngleOlympic Slam
55.6%
Jake the Snake RobertsDDT
54.9%
The MizSkull Crushing Finale
54.9%
Mark HenryWorld's Strongest Slam
54.9%
GoldbergJackhammer
53.6%
Dudley Boyz3D
52.9%
Razor RamonRazor's Edge
52.9%
Bradshaw/JBLClothesline from Hell
51.6%
ChristianImpaler
51%
Chris BenoitCrippler Crossface
50.3%
Million Dollar Man Ted DiBiaseMillion Dollar Dream
49.7%
John MorrisonStarship Pain
49%
Mr. PerfectPerfect Plex
48.4%
Sgt. SlaughterCobra Clutch
45.8%
X PacX Factor
45.1%
Mr. Ass/Billy GunnFameasser
44.4%
DieselJackknife Powerbomb
43.8%
Lex LugerRunning Forearm Smash
40.5%
WWE Wrestler Finishing Move % Correct
VaderVader Bomb
39.9%
Hulk HoganAtomic Leg drop
38.6%
UmagaSamoan Spike
38.6%
Ted DiBiaseDream Street
35.9%
SheamusHigh Cross
35.3%
Perry SaturnRings of Saturn
35.3%
Gold DustCurtain Call
34%
D'Lo BrownLo Down
32.7%
Superfly Jimmy SnukaSuperfly Splash
32%
Legion of DoomDoomsday Device
31.4%
FarooqDominator
30.7%
Bob BacklundCrossface Chickenwing
30.1%
Cactus Jack/Dude LoveDouble Arm DDT
30.1%
Brutus the Barber BeefcakeSleeper
29.4%
Macho Man Randy SavageFlying Elbow Drop
29.4%
The Hart DynastyHart Attack
29.4%
Ravishing Rick RudeRude Awakening
29.4%
British BulldogRunning Powerslam
28.8%
The Great KhaliPunjabi Plunge
27.5%
Honky Tonk ManShake Rattle and Roll
26.8%
Ahmed JohnsonPearl River Plunge
24.2%
YokozunaBanzai Drop
21.6%
Marc MeroWild Thing
19%
Scott SteinerFrankensteiner
17.6%
The Model Rick MartelBoston Crab
17%
Kama Mustafa/GodfatherDeath Valley Driver
17%
Doink the ClownWhoopie Cushion
16.3%
The Dragon Ricky SteamboatDiving Crossbody
13.1%
Ultimate WarriorGorilla Press Drop
12.4%
WarlordFull Nelson
12.4%
Texas TornadoTornado Punch
12.4%
Hacksaw Jim DugganThree Point Stance
11.8%
MoshMosh Pit
10.5%
IRSWrite Off
9.2%
ThrasherStage Dive
7.8%
GangrelImpaler DDT
5.9%
CrushKona Clutch
1.3%

You're not logged in!

Compare scores with friends on all Sporcle quizzes.
OR
Log In

From the Vault

Images That Start with 'V'

by sproutcm

You must play this quiz vigorously.
Remove Ads.
Support Sporcle.
Get the best of Sporcle when you Go Orange. This ad-free experience offers more features, more stats, and more fun while also helping to support Sporcle. Thank you for becoming a member.

Show Comments

Extras

Created Mar 3, 2011ReportNominate
Tags:WWE Quiz, Wrestling, WWF

Top Quizzes Today


Score Distribution

Your Account Isn't Verified!

In order to create a playlist on Sporcle, you need to verify the email address you used during registration. Go to your Sporcle Settings to finish the process.

Report this User

Report this user for behavior that violates our Community Guidelines.

Details: